Normal view
MARC view
Entry Personal Name
001 - CONTROL NUMBER
- control field: 8321
003 - CONTROL NUMBER IDENTIFIER
- control field: OSt
005 - DATE AND TIME OF LATEST TRANSACTION
- control field: 20160426161702.0
008 - FIXED-LENGTH DATA ELEMENTS
- fixed length control field: 160426|| aca||aabn | a|a d
040 ## - CATALOGING SOURCE
- Original cataloging agency: OSt
- Transcribing agency: OSt
100 ## - HEADING--PERSONAL NAME
- Personal name: Winch,Christopher;Gingell,John;
670 ## - SOURCE DATA FOUND
- Source citation: Work cat.: (OSt): Winch,Christopher;Gingell,John;, Key concepts in the Philosophy of education:, 1999.
